[Event "La Fere op 11th"]
[Site "La Fere"]
[Date "2012.07.14"]
[Round "9"]
[White "Vandervorst, Marc"]
[Black "Chevance, Gerard"]
[Result "0-1"]
[WhiteElo "1833"]
[BlackElo "1684"]
[PlyCount "78"]
[EventDate "2012.07.07"]
[EventType "swiss"]
[EventRounds "9"]
[EventCountry "FRA"]
[SourceTitle "CBM 149 Extra"]
[Source "ChessBase"]
[SourceDate "2012.08.24"]
[SourceVersion "1"]
[SourceVersionDate "2012.08.24"]
[SourceQuality "1"]

1. e4 c6 2. d4 d5 3. Nc3 dxe4 4. Nxe4 Bf5 5. Ng3 Bg6 6. Nf3 Nd7 7. Bc4 Ngf6 8. 0-0 e6 9. Nh4 Be7 10. Nxg6 hxg6 11. c3 Qc7 12. f4 0-0-0 13. Qf3 Rh4 14. Rf2 Rdh8 15. Nf1 Bd6 16. g3 R4h5 17. Be2 Rh3 18. Ne3 Nb6 19. Ng4 Nxg4 20. Qxg4 R3h7 21. Be3 Nd5 22. Bd2 Nf6 23. Qf3 Nh5 24. c4 Qd7 25. Be3 Bb8 26. b4 Nf6 27. b5 cxb5 28. cxb5 Nd5 29. Bf1 Bc7 30. h4 Bb6 31. Rc2+ Kb8 32. Bf2 Rc8 33. Rac1 Rhh8 34. g4 Rxc2 35. Rxc2 Rc8 36. Rxc8+ Kxc8 37. Kh2 Kd8 38. h5 gxh5 39. gxh5 g6 0-1

[Event "La Fere op 11th"]
[Site "La Fere"]
[Date "2012.07.07"]
[Round "1"]
[White "Vandervorst, Marc"]
[Black "Georgiev, Vladimir"]
[Result "0-1"]
[WhiteElo "1833"]
[BlackElo "2562"]
[PlyCount "51"]
[EventDate "2012.07.07"]
[EventType "swiss"]
[EventRounds "9"]
[EventCountry "FRA"]
[SourceTitle "CBM 149 Extra"]
[Source "ChessBase"]
[SourceDate "2012.08.24"]
[SourceVersion "1"]
[SourceVersionDate "2012.08.24"]
[SourceQuality "1"]

1. e4 c5 2. c3 d5 3. e5 Nc6 4. Bb5 Bf5 5. Nf3 e6 6. d4 Qb6 7. Bxc6+ bxc6 8. 0-0 Bg4 9. dxc5 Bxc5 10. h3 Bh5 11. b4 Be7 12. Nbd2 a5 13. Qb3 a4 14. Qb2 g5 15. g4 Bg6 16. a3 h5 17. Nh2 hxg4 18. hxg4 Bd3 19. Re1 Rxh2 20. Re3 Rh4 21. Rxd3 Rxg4+ 22. Kf1 Qb5 23. Qc2 Nh6 24. Nf3 Nf5 25. Qe2 Re4 26. Re3 0-1

[Event "La Fere op 10th"]
[Site "La Fere"]
[Date "2011.07.09"]
[Round "9.9"]
[White "Vandervorst, Marc"]
[Black "Schroeder, Jan Christian"]
[Result "0-1"]
[WhiteElo "1882"]
[BlackElo "2164"]
[PlyCount "108"]
[EventDate "2011.07.02"]
[EventType "swiss"]
[EventRounds "9"]
[EventCountry "FRA"]
[SourceTitle "EXT 2012"]
[Source "ChessBase"]
[SourceDate "2011.11.24"]
[SourceVersion "1"]
[SourceVersionDate "2011.11.24"]
[SourceQuality "1"]

1. e4 e5 2. Nf3 Nc6 3. Bc4 Nf6 4. d3 Be7 5. Nc3 d6 6. h3 0-0 7. a3 Be6 8. Nd5 Nb8 9. Nxf6+ Bxf6 10. Bxe6 fxe6 11. 0-0 Nc6 12. c3 d5 13. Nh2 b6 14. Qg4 Qd6 15. Bg5 Ne7 16. Rae1 Ng6 17. d4 exd4 18. Bxf6 Rxf6 19. cxd4 Rf4 20. e5 Qe7 21. Qd1 c5 22. Nf3 Raf8 23. Re3 Nh4 24. Nxh4 Rxd4 25. Ng6 hxg6 26. Qc2 Qf7 27. Rg3 Qf5 28. Qc3 Rf4 29. f3 Rc4 30. Qe3 d4 31. Qb3 Rc2 32. Rg4 Re2 33. Qc4 Rxe5 34. b4 Rd8 35. f4 Red5 36. bxc5 bxc5 37. Rg5 Qe4 38. Rg3 Rf5 39. Qa4 Rdf8 40. Qc4 Qd5 41. Qxd5 Rxd5 42. Rxg6 Rf6 43. Rxf6 gxf6 44. Kf2 c4 45. Ke2 Ra5 46. Rc1 Ra4 47. g4 e5 48. Kf3 d3 49. Ke3 exf4+ 50. Kd2 f3 51. Ke3 Kg7 52. h4 f2 53. Rf1 Rxa3 54. Rxf2 d2+ 0-1

[Event "La Fere op 10th"]
[Site "La Fere"]
[Date "2011.07.07"]
[Round "7.20"]
[White "Vandervorst, Marc"]
[Black "Wolfangel, Claude"]
[Result "1/2-1/2"]
[WhiteElo "1882"]
[BlackElo "1751"]
[PlyCount "88"]
[EventDate "2011.07.02"]
[EventType "swiss"]
[EventRounds "9"]
[EventCountry "FRA"]
[SourceTitle "EXT 2012"]
[Source "ChessBase"]
[SourceDate "2011.11.24"]
[SourceVersion "1"]
[SourceVersionDate "2011.11.24"]
[SourceQuality "1"]

1. e4 d5 2. exd5 Qxd5 3. Nc3 Qd6 4. d4 Nf6 5. Nf3 a6 6. Bc4 b5 7. Bb3 Bb7 8. h3 Nc6 9. Bg5 Rd8 10. Be3 e5 11. dxe5 Nxe5 12. Qxd6 Nxf3+ 13. gxf3 Bxd6 14. Ke2 0-0 15. a3 Be5 16. Rad1 Bxc3 17. bxc3 Rfe8 18. Rxd8 Rxd8 19. Rg1 Nh5 20. Rg5 g6 21. Re5 Rd7 22. a4 Nf6 23. Bh6 Rd8 24. axb5 axb5 25. Bg5 Rd6 26. Re7 Nd5 27. Bxd5 Bxd5 28. Rxc7 Kg7 29. Be3 Bc4+ 30. Ke1 Rd5 31. Rc5 Kf6 32. Rc6+ Kg7 33. h4 Rh5 34. Bg5 h6 35. Bf6+ Kh7 36. Rc8 g5 37. hxg5 hxg5 38. Kd2 Kg6 39. Bd4 Rh3 40. Rc6+ Kh7 41. Rc5 Kg6 42. Rc6+ Kh7 43. Rc5 Kg6 44. Rc6+ Kh7 1/2-1/2

[Event "La Fere op"]
[Site "La Fere"]
[Date "2010.07.09"]
[Round "8"]
[White "Vandervorst, Marc"]
[Black "Barbry, Quentin"]
[Result "1-0"]
[WhiteElo "1851"]
[BlackElo "1565"]
[PlyCount "141"]
[EventDate "2010.07.03"]
[EventType "swiss"]
[EventRounds "9"]
[EventCountry "FRA"]
[SourceTitle "CBM 137 Extra"]
[Source "ChessBase"]
[SourceDate "2010.09.01"]
[SourceVersion "1"]
[SourceVersionDate "2010.09.01"]
[SourceQuality "1"]

1. e4 e5 2. Nf3 Nc6 3. Bc4 Bc5 4. d3 d6 5. h3 Be6 6. Bb3 Nf6 7. Nc3 0-0 8. Be3 Bb6 9. 0-0 d5 10. Bg5 d4 11. Nd5 Bxd5 12. exd5 Ne7 13. Nxe5 Nexd5 14. Qf3 Re8 15. Ng4 Qd6 16. Nxf6+ Nxf6 17. Bf4 Qc6 18. Qxc6 bxc6 19. Rfe1 Kf8 20. Ba4 Rxe1+ 21. Rxe1 c5 22. Bc6 Rd8 23. g4 Nd5 24. Bd2 Nb4 25. Bxb4 cxb4 26. Re4 f6 27. f4 g5 28. fxg5 fxg5 29. Re5 h6 30. Kg2 Kf7 31. Rf5+ Ke6 32. Bb5 c5 33. Bc4+ Ke7 34. Rf7+ Ke8 35. Rf6 Ke7 36. Re6+ Kf8 37. Rxh6 Kg7 38. Re6 Rf8 39. Bd5 Rf6 40. Re7+ Kf8 41. Rh7 Rg6 42. Be4 Rg7 43. Rh6 Ke7 44. Bf5 Kf7 45. h4 gxh4 46. Rxh4 Rg5 47. Rh8 Kg7 48. Rc8 Kf7 49. Kf3 Kf6 50. Ke4 Ke7 51. Kd5 Kf7 52. Rxc5 Bxc5 53. Kxc5 a5 54. Kb5 Rg8 55. Kxa5 Rb8 56. Ka4 Kf6 57. Kb3 Ke5 58. a3 bxa3+ 59. Kxa3 Ra8+ 60. Kb3 Rb8+ 61. Ka2 Rb7 62. Kb1 Rc7 63. Kc1 Rb7 64. c3 dxc3 65. bxc3 Kf4 66. Kc2 Ke3 67. d4 Rc7 68. d5 Rc5 69. d6 Rd5 70. d7 Rd6 71. Kb3 1-0

[Event "La Fere op"]
[Site "La Fere"]
[Date "2010.07.08"]
[Round "7"]
[White "Lorente, Philippe"]
[Black "Vandervorst, Marc"]
[Result "1/2-1/2"]
[WhiteElo "1632"]
[BlackElo "1851"]
[PlyCount "67"]
[EventDate "2010.07.03"]
[EventType "swiss"]
[EventRounds "9"]
[EventCountry "FRA"]
[SourceTitle "CBM 137 Extra"]
[Source "ChessBase"]
[SourceDate "2010.09.01"]
[SourceVersion "1"]
[SourceVersionDate "2010.09.01"]
[SourceQuality "1"]

1. d4 g6 2. Nf3 Bg7 3. Bf4 Nf6 4. Nbd2 0-0 5. h4 c5 6. e3 cxd4 7. exd4 d6 8. Bd3 Qb6 9. Nb3 e5 10. dxe5 dxe5 11. Be3 Qc7 12. Nfd2 Rd8 13. Qe2 Nc6 14. c3 Re8 15. f3 Be6 16. 0-0-0 Nb4 17. Bb1 Rac8 18. f4 Nfd5 19. Ne4 Nxe3 20. Qxe3 Bxb3 21. axb3 Qa5 22. Nd6 Nd5 23. Qd2 Nxc3 24. bxc3 Rxc3+ 25. Kb2 Qb4 26. Qxc3 e4 27. Qxg7+ Kxg7 28. Nxe8+ Kf8 29. Nf6 e3 30. Rhe1 Qxf4 31. Rd8+ Kg7 32. g4 Qe5+ 33. Kc1 Qc7+ 34. Bc2 1/2-1/2

[Event "La Fere op"]
[Site "La Fere"]
[Date "2010.07.06"]
[Round "5"]
[White "Vandervorst, Marc"]
[Black "Paillard, Maximilien"]
[Result "1/2-1/2"]
[WhiteElo "1851"]
[BlackElo "1573"]
[PlyCount "62"]
[EventDate "2010.07.03"]
[EventType "swiss"]
[EventRounds "9"]
[EventCountry "FRA"]
[SourceTitle "CBM 137 Extra"]
[Source "ChessBase"]
[SourceDate "2010.09.01"]
[SourceVersion "1"]
[SourceVersionDate "2010.09.01"]
[SourceQuality "1"]

1. e4 Nc6 2. d4 d5 3. e5 Bf5 4. Nf3 e6 5. Bd3 Bg6 6. 0-0 Nge7 7. c3 Qd7 8. Bb5 a6 9. Ba4 f6 10. Nbd2 Bf7 11. Re1 0-0-0 12. Nf1 Ng6 13. b4 fxe5 14. dxe5 d4 15. b5 axb5 16. Bxb5 Qd5 17. c4 Qc5 18. Qa4 Na7 19. Qb3 Nxb5 20. Qxb5 Qxb5 21. cxb5 h6 22. a4 Bc5 23. Ba3 Bb6 24. Bb4 Nf4 25. a5 Ba7 26. b6 cxb6 27. Be7 Rde8 28. Bd6 Kd7 29. axb6 Bxb6 30. Rab1 Nd5 31. Nxd4 Bg6 1/2-1/2

[Event "Fourmies op 34th"]
[Site "Fourmies"]
[Date "2010.05.24"]
[Round "6"]
[White "Vandervorst, Marc"]
[Black "Morelle, Didier"]
[Result "1-0"]
[WhiteElo "1862"]
[BlackElo "1599"]
[PlyCount "45"]
[EventDate "2010.05.22"]
[EventType "swiss"]
[EventRounds "7"]
[EventCountry "FRA"]
[SourceTitle "CBM 136 Extra"]
[Source "ChessBase"]
[SourceDate "2010.07.02"]
[SourceVersion "2"]
[SourceVersionDate "2010.07.15"]
[SourceQuality "1"]

1. e4 e5 2. Nf3 d6 3. d4 Bg4 4. dxe5 Bxf3 5. Qxf3 dxe5 6. Bc4 Qf6 7. Qb3 b6 8. 0-0 Bd6 9. Nc3 Ne7 10. Ne2 0-0 11. f4 Nd7 12. Be3 Nc6 13. fxe5 Qxe5 14. Bf4 Bc5+ 15. Kh1 Qxe4 16. Bxc7 Na5 17. Bxf7+ Kh8 18. Qe6 Qxc2 19. Ng3 Rxf7 20. Qxf7 Nf8 21. Be5 Qg6 22. Rad1 Re8 23. Bxg7+ 1-0

[Event "Roux CREC op"]
[Site "Roux"]
[Date "2009.07.26"]
[Round "2"]
[White "Audin, Thierry"]
[Black "Vandervorst, Marc"]
[Result "1-0"]
[WhiteElo "2042"]
[BlackElo "1876"]
[PlyCount "57"]
[EventDate "2009.07.25"]
[EventType "swiss"]
[EventRounds "9"]
[EventCountry "BEL"]
[SourceTitle "EXT 2010"]
[Source "ChessBase"]
[SourceDate "2010.11.25"]
[SourceVersion "1"]
[SourceVersionDate "2010.11.25"]
[SourceQuality "1"]

1. d4 Nf6 2. Nc3 d6 3. e4 c6 4. a4 g6 5. Be2 Bg7 6. Nf3 0-0 7. h3 Bd7 8. 0-0 Qc8 9. Be3 b6 10. Qd2 Kh8 11. Bh6 Ng8 12. Bxg7+ Kxg7 13. e5 d5 14. Nh2 f5 15. f4 Be6 16. Bf3 Na6 17. Kh1 Qc7 18. Rg1 Rad8 19. Ne2 Nb8 20. g4 Nh6 21. Nf1 Qc8 22. Ne3 c5 23. Ra3 c4 24. Qe1 fxg4 25. hxg4 Bg8 26. Qh4 e6 27. Rg2 Rd7 28. Rh2 Nf7 29. Qf6# 1-0

[Event "FRA-ch op-B"]
[Site "Pau"]
[Date "2008.08.13"]
[Round "2"]
[White "Vandervorst, Marc"]
[Black "Ferrier, David"]
[Result "0-1"]
[WhiteElo "1877"]
[BlackElo "1978"]
[PlyCount "66"]
[EventDate "2008.08.11"]
[EventType "swiss"]
[EventRounds "11"]
[EventCountry "FRA"]
[SourceTitle "CBM 126 Extra"]
[Source "ChessBase"]
[SourceDate "2008.11.05"]
[SourceVersion "1"]
[SourceVersionDate "2008.11.05"]
[SourceQuality "1"]

1. e4 c5 2. c3 Nf6 3. e5 Nd5 4. c4 Nb6 5. b3 Nc6 6. Bb2 d5 7. exd6 Qxd6 8. Nf3 Bg4 9. Be2 0-0-0 10. 0-0 f6 11. h3 Bh5 12. Nh4 Bxe2 13. Qxe2 Nb4 14. Nf5 Qd7 15. Ne3 e5 16. Bc3 Nc6 17. Na3 Nd4 18. Qd1 h5 19. Nec2 g5 20. Bxd4 cxd4 21. d3 f5 22. Re1 Bg7 23. Nb4 Bf6 24. c5 Nd5 25. Nxd5 Qxd5 26. Nb5 Kb8 27. Nd6 g4 28. Nxf5 gxh3 29. Re4 Rdg8 30. g3 Rg5 31. Qf3 Rf8 32. Nh4 Be7 33. Rf4 exf4 0-1

[Event "Charleroi TIPC op"]
[Site "Charleroi"]
[Date "2008.07.29"]
[Round "5"]
[White "De Billoez, Yves"]
[Black "Vandervorst, Marc"]
[Result "1-0"]
[WhiteElo "1990"]
[BlackElo "1877"]
[PlyCount "89"]
[EventDate "2008.07.26"]
[EventType "swiss"]
[EventRounds "9"]
[EventCountry "BEL"]
[SourceTitle "EXT 2009"]
[Source "ChessBase"]
[SourceDate "2008.11.26"]
[SourceVersion "1"]
[SourceVersionDate "2008.11.26"]
[SourceQuality "1"]

1. d4 Nf6 2. c4 d6 3. Nf3 g6 4. Nc3 Bg7 5. e4 0-0 6. Be2 Nbd7 7. 0-0 c5 8. d5 Nb6 9. Bd2 Ng4 10. Rc1 Ne5 11. Nxe5 Bxe5 12. Be3 Bg7 13. Kh1 f5 14. exf5 Bxf5 15. b3 a6 16. Bg4 Qc8 17. Bxf5 Qxf5 18. Ne2 Rf7 19. Ng3 Qd7 20. Ne4 h6 21. b4 Raf8 22. bxc5 Nc8 23. cxd6 exd6 24. c5 Re8 25. c6 bxc6 26. dxc6 Qf5 27. Nxd6 Nxd6 28. Qxd6 Bf8 29. Qd2 Kh7 30. Rfd1 Bg7 31. Qc2 Qh5 32. Rd7 Ref8 33. Rxf7 Rxf7 34. Qc5 Be5 35. f4 Bc7 36. Qxh5 gxh5 37. g3 Kg6 38. Kg2 Kf5 39. Kf3 Rf6 40. Bd4 Rf7 41. Rc5+ Ke6 42. Rxh5 a5 43. Ke4 Rh7 44. Rd5 Bb8 45. f5+ 1-0

[Event "La Fere op 6th"]
[Site "La Fere"]
[Date "2007.07.09"]
[Round "3"]
[White "Vandervorst, Marc"]
[Black "Defrance, Laurent"]
[Result "1/2-1/2"]
[WhiteElo "1912"]
[BlackElo "2178"]
[PlyCount "160"]
[EventDate "2007.07.07"]
[EventType "swiss"]
[EventRounds "9"]
[EventCountry "FRA"]
[SourceTitle "CBM 119 Extra"]
[Source "ChessBase"]
[SourceDate "2007.09.04"]
[SourceVersion "1"]
[SourceVersionDate "2007.09.04"]
[SourceQuality "1"]

1. e4 e5 2. Nf3 Nf6 3. Nc3 Bb4 4. Bc4 0-0 5. d3 d5 6. exd5 Nxd5 7. Bd2 Bxc3 8. bxc3 Nc6 9. 0-0 Bg4 10. h3 Bh5 11. g4 Bg6 12. Rb1 Re8 13. Bxd5 Qxd5 14. Nh4 b6 15. Nxg6 hxg6 16. c4 Qd7 17. Re1 Rad8 18. Bc3 Re6 19. Qf3 Rf6 20. Qe3 Re6 21. Qg5 Rde8 22. Rb5 Qe7 23. Qxe7 R8xe7 24. Rd5 f6 25. a4 Kf7 26. a5 Re8 27. axb6 cxb6 28. Ra1 Ke7 29. Rb5 Kd6 30. Bb2 Kc7 31. c3 Rd8 32. Rd5 Red6 33. Rxd6 Rxd6 34. Rd1 Na5 35. Ba3 Rd7 36. c5 b5 37. Kf1 Kc6 38. Ke2 Nb3 39. Ke3 Nxc5 40. d4 exd4+ 41. cxd4 Ne6 42. f4 Kd5 43. f5 gxf5 44. gxf5 Nc7 45. Rc1 Na6 46. Bf8 Rf7 47. Rc8 b4 48. Kd3 Rb7 49. Rd8+ Kc6 50. Kc2 Kb5 51. Kb3 Rc7 52. Bxb4 Nxb4 53. Rb8+ Kc6 54. Rxb4 Kd5 55. h4 Ke4 56. Rc4 Rb7+ 57. Kc3 Kxf5 58. Rc5+ Ke6 59. Kc4 Kd6 60. Ra5 Rc7+ 61. Kd3 Ke6 62. Ke4 g6 63. Ra6+ Kf7 64. Kd5 Rd7+ 65. Kc5 f5 66. d5 Rc7+ 67. Kd6 Rb7 68. Kc6 Rb4 69. Rxa7+ Kf6 70. d6 Rxh4 71. Re7 Rd4 72. Re8 f4 73. d7 g5 74. d8Q+ Rxd8 75. Rxd8 Ke5 76. Rg8 f3 77. Rxg5+ Kf4 78. Rg8 f2 79. Rf8+ Ke3 80. Rxf2 Kxf2 1/2-1/2

[Event "La Fere op 6th"]
[Site "La Fere"]
[Date "2007.07.08"]
[Round "2"]
[White "Piankov, Evgenij"]
[Black "Vandervorst, Marc"]
[Result "1-0"]
[WhiteElo "2344"]
[BlackElo "1912"]
[PlyCount "89"]
[EventDate "2007.07.07"]
[EventType "swiss"]
[EventRounds "9"]
[EventCountry "FRA"]
[SourceTitle "CBM 119 Extra"]
[Source "ChessBase"]
[SourceDate "2007.09.04"]
[SourceVersion "1"]
[SourceVersionDate "2007.09.04"]
[SourceQuality "1"]

1. d4 Nf6 2. Nf3 d6 3. Bg5 c5 4. Bxf6 exf6 5. e3 Nc6 6. c3 Be7 7. Bd3 Bg4 8. Nbd2 a6 9. a4 Qd7 10. h3 Bh5 11. Qc2 Bg6 12. Bxg6 hxg6 13. Nc4 Bd8 14. dxc5 d5 15. Nb6 Bxb6 16. cxb6 Na5 17. 0-0 0-0-0 18. Rfd1 Rh5 19. e4 Qc6 20. Rxd5 Rhxd5 21. exd5 Rxd5 22. b4 Nc4 23. a5 Ne5 24. Nxe5 Rxe5 25. Rd1 Qe8 26. Qd2 Re7 27. Qd4 Re1+ 28. Rxe1 Qxe1+ 29. Kh2 Qe5+ 30. Qxe5 fxe5 31. h4 Kd7 32. Kg3 f5 33. Kf3 Kd6 34. c4 Kc6 35. Ke3 Kd6 36. Kd3 Kc6 37. Kc3 Kd6 38. c5+ Kd7 39. Kd3 Kc6 40. Kc4 Kd7 41. b5 axb5+ 42. Kxb5 e4 43. a6 bxa6+ 44. Kxa6 f4 45. b7 1-0

[Event "Fenain op"]
[Site "Fenain"]
[Date "2007.02.25"]
[Round "3.5"]
[White "Leroux, Mathieu"]
[Black "Vandervorst, Marc"]
[Result "0-1"]
[WhiteElo "2020"]
[BlackElo "1922"]
[PlyCount "75"]
[EventDate "2007.02.24"]
[EventType "swiss"]
[EventRounds "7"]
[EventCountry "FRA"]
[SourceTitle "CBM 117 Extra"]
[Source "ChessBase"]
[SourceDate "2007.05.09"]
[SourceVersion "1"]
[SourceVersionDate "2007.05.09"]
[SourceQuality "1"]

1. e4 e5 2. f4 exf4 3. Bc4 d6 4. d4 g5 5. Qh5 Qf6 6. Nf3 h6 7. 0-0 Qg6 8. Qxg6 fxg6 9. g3 Bh3 10. Re1 fxg3 11. hxg3 Ne7 12. Nc3 Nd7 13. Bxg5 hxg5 14. Nxg5 0-0-0 15. Nf7 Bg7 16. Ne2 Nb6 17. Bb3 d5 18. e5 Rdf8 19. Nxh8 Rxh8 20. a4 a5 21. c3 g5 22. Bc2 Nc4 23. b3 Ne3 24. Bd3 Kd7 25. c4 c6 26. cxd5 N7xd5 27. Nc3 Be6 28. Ne4 Nf5 29. Nc5+ Ke7 30. Nxb7 Nxd4 31. Nxa5 Nf3+ 32. Kf2 Nxe1 33. Rxe1 Nb4 34. Bc4 Bxc4 35. Nxc4 Nd3+ 36. Ke2 Nxe1 37. Kxe1 Ke6 38. Kd2 0-1

[Event "La Fere op 5th"]
[Site "La Fere"]
[Date "2006.07.12"]
[Round "6"]
[White "Vandervorst, Marc"]
[Black "Delorme, Laurie"]
[Result "0-1"]
[WhiteElo "1932"]
[BlackElo "2068"]
[PlyCount "102"]
[EventDate "2006.07.08"]
[EventType "swiss"]
[EventRounds "9"]
[EventCountry "FRA"]
[SourceTitle "CBM 113 Extra"]
[Source "ChessBase"]
[SourceDate "2006.09.14"]
[SourceVersion "1"]
[SourceVersionDate "2006.09.14"]
[SourceQuality "1"]

1. e4 e5 2. Nf3 Nc6 3. Bc4 Nf6 4. d3 Be7 5. Nc3 d6 6. h3 0-0 7. 0-0 h6 8. Be3 Nh7 9. Qd2 Ng5 10. Nxg5 Bxg5 11. f4 exf4 12. Bxf4 Bf6 13. Rab1 Ne5 14. Bb3 Ng6 15. Nd5 Bg5 16. Bxg5 hxg5 17. Kh2 c6 18. Ne3 Nf4 19. g4 a5 20. c4 a4 21. Bc2 d5 22. cxd5 Qc7 23. d6 Qxd6 24. Nc4 Qh6 25. Rxf4 gxf4 26. Qg2 b5 27. Nd2 c5 28. g5 Qe6 29. b3 g6 30. Nf3 Kg7 31. bxa4 Rh8 32. Ng1 Qxa2 33. axb5 Rh5 34. Rf1 Qb2 35. Rxf4 Ra2 36. Rf2 Qe5+ 37. Qg3 Qxg3+ 38. Kxg3 Rxg5+ 39. Kh2 Rb2 40. Nf3 Rh5 41. h4 Be6 42. Kg3 Bb3 43. Bxb3 Rxb3 44. Ng5 Rxd3+ 45. Kg4 Rd7 46. Rc2 Re7 47. Rxc5 f6 48. b6 fxg5 49. Rc7 Rxc7 50. bxc7 Rxh4+ 51. Kxg5 Rh8 0-1

[Event "Metz op 24th"]
[Site "Metz"]
[Date "2006.04.27"]
[Round "6"]
[White "Marchal, Roger"]
[Black "Vandervorst, Marc"]
[Result "0-1"]
[WhiteElo "1690"]
[BlackElo "1926"]
[PlyCount "86"]
[EventDate "2006.04.22"]
[EventType "swiss"]
[EventRounds "9"]
[EventCountry "FRA"]
[SourceTitle "EXT 2007"]
[Source "ChessBase"]
[SourceDate "2006.11.23"]
[SourceVersion "1"]
[SourceVersionDate "2006.11.23"]
[SourceQuality "1"]

1. c4 e5 2. g3 Nf6 3. Bg2 c6 4. Nc3 d5 5. cxd5 cxd5 6. d3 Nc6 7. Nf3 d4 8. Nb1 Bb4+ 9. Bd2 Bxd2+ 10. Nbxd2 0-0 11. 0-0 h6 12. Nc4 Re8 13. Nfd2 Rb8 14. Ne4 Nxe4 15. Bxe4 Bh3 16. Bg2 Qd7 17. Nd2 a6 18. a3 Bxg2 19. Kxg2 Qd5+ 20. Kg1 f5 21. Qb3 Qxb3 22. Nxb3 e4 23. Rfe1 Rbd8 24. Rac1 exd3 25. exd3 Ne5 26. Red1 Re7 27. Kg2 Kf7 28. Nc5 g5 29. b4 Kf6 30. h3 h5 31. Rd2 Rd6 32. Rcc2 h4 33. g4 Rc6 34. Nb3 fxg4 35. hxg4 Rxc2 36. Rxc2 Nxg4 37. Nxd4 Rd7 38. Nb3 Rxd3 39. Nc5 h3+ 40. Kf1 Rxa3 41. Ne4+ Kg6 42. Ng3 Rxg3 43. Rc7 h2 0-1